Estadísticas para Personajes ficticios por letra - A

Haz click aquí para intentar la prueba.

Estadísticas generales

  • Esta prueba ha sido intentada 199 veces
  • La puntuación promedio es 5 de 20

Estadísticas de respuestas

PistaPersonaje% Correcto
Encontró una lámpara mágicaAladdin
85%
Protagonista de "La Sirenita"Ariel
84%
Bajó por la madriguera del conejoAlicia
80%
El mono en la película de Disney sobre lo anteriorAbu
47%
Director de HogwartsAlbus Dumbledore
46%
Gran león de NarniaAslan
43%
Se convirtió en Darth VaderAnakin Skywalker
37%
Dios griego del SolApolo
36%
Hermano de Simon y TeodorAlvin
30%
Entrenador de Pokemon extraordinarioAsh Ketchum
19%
Paris le disparó en el tacónAchilles
6%
Abogado de "Matar a un ruiseñor"Atticus Finch
5%
Propietario de Kwik-E-MartApu Nahasapeemapetilon
3%
Es una mascota detectiveAce Ventura
2%
Escapó de ShawshankAndy Dufresne
2%
También conocido como StriderAragorn
2%
Personaje de "Our Gang" con un chavito perpetuoalfalfa
1%
Hombre internacional del misterioAustin Powers
1%
Padre de "Todo en la familia"Archie Bunker
0%
Hizo autostop por la galaxiaArthur Dent
0%

Distribución de puntuación

Porcentaje por número respondido

Porcentaje de gente con cada puntuación

Historial de tus puntuaciones

No has intentado esta prueba.